000 00932cab a2200253 4500
001 WB3519-19
008 090401t1999 xxu||||| |||| 00| 0 eng d
035 _a(Sirsi) u93511
041 _aeng
245 2 _aA controversial power
260 _c1999
350 _a0
490 _aFinancial Times
_v21 May 1999, 28
490 _aTimes
_v21 May 1999, 36(2)
520 _aThe Corporation of London has indicated that it is willing to use compulsory purchase orders to speed up developments which have been delayed due to disputes over 'ransom strips'. Discusses the use of compulsory purchase powers in other countries.
650 _aCompulsory purchase
_96228
650 _aCORPORATION OF LONDON
650 _aDEVELOPMENT
650 _aLONDON
650 _aRANSOM STRIPS
690 _aENVIRONMENTAL AND LAND CONSULTANCY-PLANNING AND DEVELOPMENT-COMPULSORY PURCHASE AND COMPENSATION
942 _n0
948 _c21/05/1999
999 _c59257
_d59257